LIBRARY & INFORMATION CENTRE, KCAET, TAVANUR

ONLINE PUBLIC ACCESS CATALOGUE (OPAC)

Standard Methods for Analysis of Soil Plant and Water (Record no. 14628)

MARC details
000 -LEADER
fixed length control field 00391nam a22001457a 4500
020 ## - INTERNATIONAL STANDARD BOOK NUMBER
ISBN 9788172337902
082 ## - DEWEY DECIMAL CLASSIFICATION NUMBER
Classification number 631.4
Item number GUP/ST
100 ## - MAIN ENTRY--AUTHOR NAME
Personal name Gupta I.C.
100 ## - MAIN ENTRY--AUTHOR NAME
Personal name Yaduvanshi N.P.S.
100 ## - MAIN ENTRY--AUTHOR NAME
Personal name Gupta S.K.
245 ## - TITLE STATEMENT
Title Standard Methods for Analysis of Soil Plant and Water
260 ## - PUBLICATION, DISTRIBUTION, ETC. (IMPRINT)
Place of publication Jodhpur
Name of publisher Scientific Publishers (India)
Year of publication 2012
300 ## - PHYSICAL DESCRIPTION
Number of Pages 224
942 ## - ADDED ENTRY ELEMENTS (KOHA)
Koha item type Books
Holdings
Withdrawn status Lost status Damaged status Collection code Home library Current library Shelving location Date acquired Source of acquisition Cost, normal purchase price Full call number Accession Number Koha item type
        KAUAET KAUAET General Stacks 21/07/2016 Arunima Book Distributors,TVPM 850.00 631.4 GUP/ST 24577 Books
free website counter